[Event "Ann Arbor (HV Mini)"]
[Site "?"]
[Date "1993.??.??"]
[Round "?"]
[White "Kung, Fred"]
[Black "Potter, George"]
[Result "1-0"]
[WhiteElo "1855"]
[BlackElo "1885"]
[PlyCount "75"]
[EventDate "1993.??.??"]

1. e4 e5 2. Nf3 Nc6 3. Bb5 a6 4. Ba4 d6 5. d4 exd4 6. Nxd4 Bd7 7. O-O Be7 8.
Nxc6 Bxc6 9. Bxc6+ bxc6 10. Qg4 Bf6 11. f4 Bd4+ 12. Kh1 Nf6 13. Qxg7 Rg8 14.
Qh6 Rg6 15. Qh4 Nxe4 16. Qxd8+ Rxd8 17. f5 Rg4 18. Re1 d5 19. c3 Bb6 20. h3 Rg3
21. Bf4 Rd3 22. Nd2 Kd7 23. Nxe4 dxe4 24. Rxe4 Kc8 25. Rae1 Bf2 26. R1e2 Rd1+
27. Kh2 Bg1+ 28. Kg3 Rg8+ 29. Kf3 Rd3+ 30. Be3 Bh2 31. Rd4 Rg3+ 32. Kf2 Rxd4
33. Bxd4 Rg5 34. g4 h5 35. Kf3 hxg4+ 36. hxg4 Bd6 37. Re8+ Kb7 38. Bf6 1-0

[Event "Ann Arbor (HVA/4/1)"]
[Site "?"]
[Date "1993.??.??"]
[Round "?"]
[White "Kung, Fred"]
[Black "Pope, Nick"]
[Result "1-0"]
[WhiteElo "1815"]
[BlackElo "1805"]
[PlyCount "167"]
[EventDate "1993.??.??"]

{4/(1)} 1. e4 e5 2. Nf3 Nf6 3. Nxe5 d6 4. Nf3 Nxe4 5. d4 d5 6. Bd3 Be7 7. O-O
Bg4 8. c4 Ng5 9. Bxg5 Bxg5 10. Re1+ Be7 11. cxd5 O-O 12. Nc3 Nd7 13. Be2 Nf6
14. Ne5 Bxe2 15. Qxe2 Nxd5 16. Rad1 Bb4 17. Rc1 Re8 18. Qf3 f6 19. Nd3 Rxe1+
20. Nxe1 c6 21. Nxd5 cxd5 22. Nd3 Be7 23. Nf4 Kf7 24. Qxd5+ Qxd5 25. Nxd5 Bd6
26. h3 Re8 27. Kf1 Re4 28. Rd1 Re8 29. Nc3 Re6 30. Re1 Rxe1+ 31. Kxe1 Ke6 32.
Ke2 a6 33. g4 Bf4 34. a4 Bc1 35. b4 f5 36. Kd3 fxg4 37. hxg4 Bg5 38. b5 Be7 39.
Ke4 Kd7 40. f4 g6 41. g5 Ke6 42. Nd5 Bd8 43. Ne3 Be7 44. Nc4 Bb4 45. d5+ Kd7
46. f5 gxf5+ 47. Kxf5 Bc3 48. Kg4 Bg7 49. Kf5 Bc3 50. Ke4 Bb4 51. Ne5+ Kd6 52.
Ng4 Bd2 53. Ne3 Bc3 54. Nc4+ Kd7 55. Kf5 Bg7 56. Na5 axb5 57. axb5 b6 58. Nc4
Bd4 59. Kg4 Kc7 60. Kh5 Bg7 61. Kg4 Bd4 62. Kf5 Kd7 63. g6 hxg6+ 64. Kxg6 Bc5
65. Kf5 Bd4 66. Ke4 Bc5 67. Ke5 Bf2 68. d6 Bg3+ 69. Kd5 Bf2 70. Ne5+ Kd8 71.
Kc6 Bh4 72. Nc4 Bf2 73. Nxb6 Bh4 74. Nd5 Kc8 75. b6 Kb8 76. Kd7 Bg5 77. Ke8 Kb7
78. d7 Kc6 79. d8=Q Bxd8 80. Kxd8 Kb7 81. Kd7 Kb8 82. Kc6 Kc8 83. b7+ Kb8 84.
Ne3 1-0

[Event "Lansing (MI Am/2)"]
[Site "?"]
[Date "1993.??.??"]
[Round "?"]
[White "Kung, Fred"]
[Black "Pontoni, M."]
[Result "0-1"]
[WhiteElo "1875"]
[BlackElo "1605"]
[PlyCount "30"]
[EventDate "1993.??.??"]

1. e4 e5 2. Nf3 Nc6 3. Bb5 Bc5 4. O-O a6 5. Ba4 Nf6 6. Nxe5 b5 7. Bb3 O-O 8.
Nxc6 dxc6 9. d3 Ng4 10. c3 Qh4 11. Bf4 Bxf2+ 12. Kh1 g5 13. Bxc7 Ra7 14. Bd6
Nxh2 15. g3 Qh3 0-1

[Event "Ann Arbor (HVA/5/1)"]
[Site "?"]
[Date "1993.??.??"]
[Round "?"]
[White "Kung, Fred"]
[Black "Jointer, William"]
[Result "0-1"]
[WhiteElo "1760"]
[BlackElo "1815"]
[PlyCount "124"]
[EventDate "1993.??.??"]

{5/(1)} 1. e4 c5 2. Nf3 Nc6 3. d4 cxd4 4. Nxd4 Nf6 5. Nc3 g6 6. Be3 Bg7 7. Qd2
O-O 8. f3 Re8 9. O-O-O Qa5 10. Bc4 a6 11. g4 b5 12. Bb3 b4 13. Nxc6 dxc6 14.
Na4 Bb7 15. h4 Red8 16. Qh2 Rxd1+ 17. Rxd1 Rd8 18. Rh1 Nd7 19. h5 g5 20. Qf2 h6
21. f4 c5 22. Nxc5 Nxc5 23. Bxc5 Rc8 24. Bxe7 Bxe4 25. Rf1 Bd5 26. Bxd5 Qxd5
27. Kb1 Qb7 28. Bd6 Rd8 29. Be5 Qd5 30. Qe2 f6 31. Bc7 Rc8 32. Rd1 Qa8 33. Qe6+
Kh8 34. Bb6 Re8 35. Qd6 a5 36. Qd3 a4 37. c4 bxc3 38. Qxc3 Qe4+ 39. Qc2 Qxf4
40. Rd8 Rxd8 41. Bxd8 Qxg4 42. Bb6 Qxh5 43. Qxa4 f5 44. a3 Qh1+ 45. Ka2 Qd5+
46. Kb1 Qe5 47. Qc2 g4 48. a4 f4 49. a5 Qb5 50. Qc8+ Kh7 51. Qc2+ Kg8 52. Qc8+
Kf7 53. Qb7+ Kg6 54. Qe4+ Kh5 55. Qh1+ Kg5 56. Bd8+ Kg6 57. Qe4+ Qf5 58. Qxf5+
Kxf5 59. a6 Bd4 60. Kc2 g3 61. Kd3 Ba7 62. Ke2 g2 0-1

[Event "Troy (TCC/A/3/2)"]
[Site "?"]
[Date "1993.??.??"]
[Round "?"]
[White "Kung, Fred"]
[Black "Jendras, Gerard"]
[Result "0-1"]
[WhiteElo "1875"]
[BlackElo "1910"]
[PlyCount "42"]
[EventDate "1993.??.??"]

{3/(2)} 1. e4 e5 2. Nf3 Nc6 3. Bb5 a6 4. Ba4 Nf6 5. d4 exd4 6. O-O Be7 7. e5
Ne4 8. Nxd4 O-O 9. Nf5 d5 10. exd6 Bxf5 11. dxe7 Qxe7 12. Bxc6 bxc6 13. Qf3 Qf6
14. Na3 Rfe8 15. Rb1 Qg6 16. h3 Rad8 17. Bf4 Nd2 18. Bxd2 Rxd2 19. Rbe1 Be4 20.
Qg3 Qxg3 21. fxg3 Rxg2+ 0-1

[Event "East Lansing (MI Op/5/31)"]
[Site "?"]
[Date "1993.??.??"]
[Round "?"]
[White "Kung, Fred"]
[Black "Jarosz, Stan"]
[Result "1/2-1/2"]
[WhiteElo "1815"]
[BlackElo "2065"]
[PlyCount "103"]
[EventDate "1993.??.??"]

{5/(31)} 1. e4 e6 2. d4 d5 3. e5 c5 4. c3 Nc6 5. Nf3 Qb6 6. Be2 cxd4 7. cxd4
Nh6 8. b3 Nf5 9. Bb2 Bb4+ 10. Kf1 h5 11. Bd3 g6 12. Bxf5 gxf5 13. g3 Be7 14.
Kg2 Bd7 15. Nc3 O-O-O 16. Ne2 Rdg8 17. h4 f6 18. Rc1 Kb8 19. Nf4 fxe5 20. Nxe5
Nxe5 21. dxe5 Qd8 22. Kf3 Qe8 23. Bd4 Bc6 24. Qd2 Bd8 25. Rc2 Bb6 26. Rhc1 Bxd4
27. Qxd4 Rg7 28. b4 Re7 29. Nd3 Qg6 30. Nc5 Qg4+ 31. Qxg4 fxg4+ 32. Ke3 Bb5 33.
f4 gxf3 34. Kxf3 b6 35. Nb3 Bd3 36. Rf2 Rf8+ 37. Ke3 Rxf2 38. Kxf2 Rf7+ 39. Ke3
Bc4 40. Nd4 Rg7 41. Kf3 Rg4 42. Nxe6 Re4 43. Nf4 Rxe5 44. a3 Bb3 45. g4 hxg4+
46. Kxg4 d4 47. Kf3 Bf7 48. Rd1 Re3+ 49. Kf2 Rxa3 50. Rxd4 a5 51. bxa5 Rxa5 52.
Ke3 1/2-1/2

[Event "Ann Arbor (HVA/2/8)"]
[Site "?"]
[Date "1993.??.??"]
[Round "?"]
[White "Kung, Fred"]
[Black "Golingai, P."]
[Result "1-0"]
[WhiteElo "1815"]
[BlackElo "1675"]
[PlyCount "69"]
[EventDate "1993.??.??"]

{2/(8)} 1. e4 e6 2. d4 d5 3. e5 c5 4. c3 Nc6 5. Nf3 Qb6 6. Bd3 cxd4 7. cxd4 Bd7
8. O-O Nxd4 9. Nxd4 Qxd4 10. Nc3 Ne7 11. Re1 a6 12. a4 Ng6 13. Bxg6 Qxd1 14.
Bxf7+ Kxf7 15. Rxd1 Bc5 16. Ne4 Be7 17. Be3 Bc6 18. Nc5 Bxc5 19. Bxc5 Rac8 20.
Bd6 Bd7 21. Rd4 Rc2 22. Rf4+ Kg6 23. b4 Rhc8 24. Bc5 Bxa4 25. h3 Bb5 26. Ra3 h6
27. Rg3+ Kh7 28. Rf7 R8xc5 29. Rgxg7+ Kh8 30. bxc5 Rxc5 31. Rxb7 Rc8 32. Rh7+
Kg8 33. Rxh6 Rd8 34. Rxe6 d4 35. Rd6 1-0

[Event "East Lansing (MI Op/3/13)"]
[Site "?"]
[Date "1993.??.??"]
[Round "?"]
[White "Kulbacki, James"]
[Black "Vaka, Flamur"]
[Result "1-0"]
[WhiteElo "2035"]
[BlackElo "1710"]
[PlyCount "35"]
[EventDate "1993.??.??"]

{3/(13)} 1. e4 e5 2. Nf3 Nc6 3. Bc4 Bc5 4. b4 Bxb4 5. c3 Ba5 6. O-O d6 7. Qb3
Qe7 8. d4 exd4 9. Bg5 Nf6 10. cxd4 O-O 11. Nc3 Bg4 12. Nd5 Qd7 13. Bxf6 Bxf3
14. Qxf3 Bd2 15. Qg3 g6 16. Bb5 a6 17. Bxc6 bxc6 18. Ne7+ 1-0

[Event "East Lansing (MI Op/1b/14)"]
[Site "?"]
[Date "1993.??.??"]
[Round "?"]
[White "Kulbacki, James"]
[Black "Sanborn, Richard"]
[Result "1-0"]
[WhiteElo "2035"]
[BlackElo "1835"]
[PlyCount "91"]
[EventDate "1993.??.??"]

1. d4 Nf6 2. c4 e6 3. Nf3 Bb4+ 4. Bd2 Bxd2+ 5. Qxd2 d5 6. Nc3 O-O 7. e3 b6 8.
cxd5 Nxd5 9. e4 Nxc3 10. bxc3 Ba6 11. Bxa6 Nxa6 12. Qe2 Qc8 13. O-O c5 14. a4
Qb7 15. Rab1 Rab8 16. Ng5 h6 17. f4 hxg5 18. fxg5 g6 19. Rf4 cxd4 20. cxd4 Rbd8
21. Qf2 Kg7 22. Rf1 f5 23. gxf6+ Kf7 24. Rg4 Qd7 25. e5 Qxa4 26. Rxg6 Rxd4 27.
Rg7+ Ke8 28. Qf3 Rd5 29. Qh5+ Kd8 30. Rxa7 Qd4+ 31. Kh1 Nc7 32. Qh6 Qc5 33. Rc1
b5 34. Rxc7 Kxc7 35. Rxc5+ Rxc5 36. h3 Rd8 37. f7 Rxe5 38. Qf4 Kd6 39. f8=Q+
Rxf8 40. Qxf8+ Kc6 41. h4 Rc5 42. Qe8+ Kd6 43. h5 b4 44. h6 Rc7 45. Qb8 Kc6 46.
Qxc7+ 1-0

[Event "Eastpointe (EDO/1b/6)"]
[Site "?"]
[Date "1993.??.??"]
[Round "?"]
[White "Kulbacki, James"]
[Black "Rosebrook, G."]
[Result "1-0"]
[WhiteElo "2005"]
[BlackElo "1605"]
[PlyCount "63"]
[EventDate "1993.??.??"]

1. Nh3 d6 2. g3 Nf6 3. d3 h6 4. Bg2 c6 5. c4 Nbd7 6. Nc3 Qc7 7. O-O e5 8. b4
Be7 9. Bb2 O-O 10. b5 Rb8 11. a4 Re8 12. f4 Ng4 13. Qd2 Nc5 14. Ra3 a5 15. Nf2
Nf6 16. Kh1 Ne6 17. Raa1 Nd4 18. Rae1 Bf5 19. e3 Nb3 20. Qd1 Nc5 21. fxe5 dxe5
22. d4 Rbd8 23. Qf3 Bd3 24. dxc5 Bxf1 25. Rxf1 Bxc5 26. bxc6 b6 27. Nb5 Qc8 28.
Bh3 Nd7 29. cxd7 Rxd7 30. Bxd7 Qxd7 31. Rd1 Qe7 32. Ne4 1-0

[Event "East Lansing (MI Op/4/13)"]
[Site "?"]
[Date "1993.??.??"]
[Round "?"]
[White "Kulbacki, James"]
[Black "Malumphy, Joseph"]
[Result "1/2-1/2"]
[WhiteElo "2035"]
[BlackElo "1980"]
[PlyCount "59"]
[EventDate "1993.??.??"]

{4/(13)} 1. d4 Nf6 2. c4 e6 3. Nf3 d5 4. Nc3 Bb4 5. e3 O-O 6. Bd3 dxc4 7. Bxc4
c5 8. O-O cxd4 9. exd4 Qc7 10. Qb3 Bxc3 11. bxc3 Nc6 12. Bd3 h6 13. Re1 b6 14.
c4 Bb7 15. Bd2 Rad8 16. Bc3 Na5 17. Qb4 Bxf3 18. gxf3 Qf4 19. Re3 Nc6 20. Qa4
Nxd4 21. Bxd4 Rxd4 22. Qxa7 Rfd8 23. Be2 Nh5 24. Qxb6 Qh4 25. Re4 Nf4 26. Bf1
Rxe4 27. fxe4 Qg4+ 28. Kh1 Qf3+ 29. Kg1 Qg4+ 30. Kh1 1/2-1/2

[Event "East Lansing (MI Op/7/16)"]
[Site "?"]
[Date "1993.??.??"]
[Round "?"]
[White "Kulbacki, James"]
[Black "Malingkas, R."]
[Result "1-0"]
[WhiteElo "2035"]
[BlackElo "1935"]
[PlyCount "115"]
[EventDate "1993.??.??"]

{7/(16)} 1. d4 Nf6 2. c4 g6 3. Nc3 Bg7 4. e4 d6 5. Be2 O-O 6. Bg5 h6 7. Bh4
Nbd7 8. f4 c5 9. e5 dxe5 10. dxe5 Nh7 11. Nf3 f6 12. exf6 Bxf6 13. O-O Kg7 14.
Bxf6+ exf6 15. Qd5 Qc7 16. Qd2 Nb6 17. Rad1 Be6 18. Nb5 Qe7 19. Qd6 Qxd6 20.
Nxd6 Rab8 21. f5 gxf5 22. Nh4 Rfd8 23. Nhxf5+ Bxf5 24. Nxf5+ Kg6 25. Bd3 Nd7
26. Nd6+ Kg7 27. Bxh7 Kxh7 28. Nf7 Rf8 29. Rxd7 Kg6 30. Nd6 Rfd8 31. Rxd8 Rxd8
32. Ne4 Rd4 33. Nxc5 Rxc4 34. Nxb7 Rb4 35. Nc5 Rxb2 36. Ra1 Rb5 37. Nd3 a5 38.
a4 Rb3 39. Nf4+ Kg5 40. Ne2 Rb4 41. Ra3 Kg6 42. Kf2 Rc4 43. Rg3+ Kf7 44. Nc3
Rd4 45. Ke3 Rb4 46. Rf3 Kg6 47. Rxf6+ Kxf6 48. Nd5+ Ke5 49. Nxb4 axb4 50. g4
Kd5 51. Kd3 Ke5 52. Kc4 Kf4 53. h3 Kg3 54. a5 Kxh3 55. a6 Kxg4 56. a7 h5 57.
a8=Q h4 58. Qh1 1-0

[Event "Eastpointe (EDO/5/4)"]
[Site "?"]
[Date "1993.??.??"]
[Round "?"]
[White "Kulbacki, James"]
[Black "Levadi, David"]
[Result "1/2-1/2"]
[WhiteElo "2005"]
[BlackElo "1940"]
[PlyCount "54"]
[EventDate "1993.??.??"]

{5/(4)} 1. d4 d5 2. c4 Nf6 3. cxd5 Nxd5 4. Nf3 c5 5. dxc5 e6 6. e4 Nf6 7. Qxd8+
Kxd8 8. Bg5 Ke8 9. Nbd2 Bxc5 10. Rc1 Nbd7 11. Bb5 Bb4 12. O-O h6 13. Bf4 a6 14.
Be2 g5 15. Be3 g4 16. Nd4 Bxd2 17. Bxd2 Nxe4 18. Bb4 Nef6 19. f3 Nd5 20. Ba3 b5
21. Bd6 Ne3 22. Rfe1 Bb7 23. Bd3 Nc4 24. Bxc4 bxc4 25. fxg4 Bd5 26. b3 cxb3 27.
axb3 Rg8 1/2-1/2

[Event "Eastpointe (EDO/3/1)"]
[Site "?"]
[Date "1993.??.??"]
[Round "?"]
[White "Kulbacki, James"]
[Black "Andrews, R."]
[Result "0-1"]
[WhiteElo "2005"]
[BlackElo "2230"]
[PlyCount "72"]
[EventDate "1993.??.??"]

{3/(1)} 1. d4 Nf6 2. c4 e6 3. Nf3 d5 4. Nc3 Be7 5. Bg5 h6 6. Bxf6 Bxf6 7. e3
O-O 8. Qc2 c5 9. Rd1 cxd4 10. Nxd4 Nc6 11. Nxc6 bxc6 12. Bd3 Qa5 13. O-O Rb8
14. Rb1 Ba6 15. cxd5 cxd5 16. Bxa6 Qxa6 17. Na4 Rfc8 18. Qd1 Qc4 19. b3 Qc2 20.
Qe1 Qxa2 21. Qa5 Rc2 22. Qxa7 Rbc8 23. Qb7 d4 24. Rb2 Qxb2 25. Nxb2 dxe3 26.
Nc4 exf2+ 27. Kh1 Rd8 28. Qe4 Ra2 29. h3 Rda8 30. Ne5 Ra1 31. Kh2 Bxe5+ 32. g3
R8a2 33. Kg2 Rxf1 34. Kxf1 Bxg3 35. Qb1 Ra5 36. b4 Re5 0-1

[Event "East Lansing (MOR/4/23)"]
[Site "?"]
[Date "1993.??.??"]
[Round "?"]
[White "Krzyston, Joe"]
[Black "Walquist, Elaine"]
[Result "0-1"]
[WhiteElo "1605"]
[BlackElo "1605"]
[PlyCount "78"]
[EventDate "1993.??.??"]

{4/(23)} 1. e4 c5 2. Nf3 e6 3. d4 cxd4 4. Nxd4 Nf6 5. Nc3 Bb4 6. Bg5 Qa5 7. a3
Bxc3+ 8. Bd2 Bxd2+ 9. Qxd2 Qxd2+ 10. Kxd2 Nxe4+ 11. Ke3 d5 12. Bb5+ Bd7 13. f3
Nd6 14. Bxd7+ Nxd7 15. a4 O-O 16. b3 Nf5+ 17. Nxf5 exf5 18. Rad1 Nf6 19. Kd4
Rfe8 20. Rhe1 b6 21. Rxe8+ Rxe8 22. Rd2 Kf8 23. h3 h5 24. Kc3 Ke7 25. Kb4 a6
26. a5 b5 27. Re2+ Kd6 28. Rxe8 Nxe8 29. c3 f4 30. Ka3 Kc5 31. Kb2 f5 32. Kc2
g5 33. Kd3 b4 34. cxb4+ Kxb4 35. Kd4 Nc7 36. Ke5 Kxb3 37. Kd6 Kb4 38. Kxc7 Kxa5
39. Kc6 d4 0-1

[Event "Lansing (MI Am/4)"]
[Site "?"]
[Date "1993.??.??"]
[Round "?"]
[White "Krzyston, Joe"]
[Black "Miller, Doug"]
[Result "0-1"]
[WhiteElo "1605"]
[BlackElo "1605"]
[PlyCount "64"]
[EventDate "1993.??.??"]

1. e4 e5 2. Nf3 Nc6 3. Bb5 Nf6 4. Bxc6 bxc6 5. Nxe5 Qe7 6. Nf3 Nxe4 7. Qe2 d5
8. d3 Nd6 9. Qxe7+ Bxe7 10. O-O O-O 11. h3 Bb7 12. b3 c5 13. Ba3 Bf6 14. c3 d4
15. c4 Bxf3 16. gxf3 Nb7 17. Nd2 Rfe8 18. Ne4 Be7 19. Kh1 f5 20. Ng3 g6 21. Bc1
Nd6 22. Rg1 Bh4 23. Rg2 Re1+ 24. Kh2 Rae8 25. Nh5 Kf7 26. Nf4 g5 27. Nd5 c6 28.
Nc7 R8e7 29. Na6 g4 30. hxg4 Rf1 31. Rb1 Ree1 32. Nxc5 Rh1# 0-1

[Event "East Lansing (MOR/2/47)"]
[Site "?"]
[Date "1993.??.??"]
[Round "?"]
[White "Krzyston, Joe"]
[Black "Gregg, Ted"]
[Result "1-0"]
[WhiteElo "1605"]
[BlackElo "1605"]
[PlyCount "137"]
[EventDate "1993.??.??"]

{2/(47)} 1. e4 e6 2. d4 d5 3. Nc3 Bb4 4. Bd2 Bxc3 5. bxc3 dxe4 6. f3 exf3 7.
Nxf3 Nf6 8. Bd3 O-O 9. O-O Nbd7 10. Bg5 c6 11. Qe1 Qc7 12. Ne5 Nxe5 13. dxe5
Nd5 14. c4 Ne7 15. Qh4 Ng6 16. Bxg6 fxg6 17. Rxf8+ Kxf8 18. Qxh7 Qb6+ 19. Kh1
Qf2 20. h3 Kf7 21. Bf6 Qc5 22. Qxg7+ Ke8 23. Qxg6+ Kd7 24. Qg7+ Ke8 25. Qg6+
Kd7 26. Rd1+ Kc7 27. Bd8+ Kb8 28. Qg7 a5 29. Rb1 Qxc4 30. Bc7+ Ka7 31. Bb6+ Ka6
32. Qg6 Bd7 33. Qh7 Qd5 34. Qd3+ Qxd3 35. cxd3 Rf8 36. Bc5 Rf5 37. d4 Rf2 38.
Rb6+ Ka7 39. Rb2+ b6 40. Bxb6+ Ka6 41. Rxf2 Kxb6 42. a4 c5 43. Rb2+ Ka6 44.
dxc5 Bxa4 45. Rb6+ Ka7 46. Rxe6 Bb3 47. Rb6 a4 48. e6 Bd5 49. e7 Bf7 50. Rf6
Be8 51. Rf8 a3 52. Rf1 a2 53. Ra1 Bf7 54. g4 Kb7 55. h4 Kc6 56. e8=Q+ Bxe8 57.
Rxa2 Kxc5 58. Kg2 Kd6 59. Kf3 Ke7 60. g5 Bh5+ 61. Kf4 Kf7 62. Ra7+ Kg6 63. Ra6+
Kg7 64. Kf5 Kg8 65. g6 Kg7 66. Ra7+ Kg8 67. Kg5 Be2 68. Kh6 Bd3 69. Ra8# 1-0

[Event "Lansing (MI Am/2)"]
[Site "?"]
[Date "1993.??.??"]
[Round "?"]
[White "Krzyston, Joe"]
[Black "Chamberlain, P."]
[Result "0-1"]
[WhiteElo "1605"]
[BlackElo "1605"]
[PlyCount "74"]
[EventDate "1993.??.??"]

1. e4 c5 2. Nc3 Nc6 3. f4 e6 4. Nf3 a6 5. d4 cxd4 6. Nxd4 Qc7 7. Be2 Bc5 8. Be3
Qb6 9. O-O Nxd4 10. Na4 Qc6 11. c3 Nxe2+ 12. Qxe2 Bxe3+ 13. Qxe3 Qxa4 14. b3
Qc6 15. Qd4 f6 16. f5 e5 17. Qd1 Nh6 18. Qh5+ Nf7 19. c4 O-O 20. Rad1 Nd6 21.
Rf3 Nxe4 22. Qg4 Qc5+ 23. Kh1 Nf2+ 24. Rxf2 Qxf2 25. h3 b6 26. h4 Qf4 27. Qh3
Rd8 28. h5 d6 29. h6 Qxh6 30. Kg1 Qxh3 31. gxh3 Bxf5 32. Kg2 Be4+ 33. Kf2 d5
34. h4 dxc4 35. Rg1 cxb3 36. axb3 Rac8 37. h5 h6 0-1

[Event "East Lansing (MOR/7/38)"]
[Site "?"]
[Date "1993.??.??"]
[Round "?"]
[White "Krzyston, Joe"]
[Black "Carne, L."]
[Result "0-1"]
[WhiteElo "1605"]
[BlackElo "1605"]
[PlyCount "58"]
[EventDate "1993.??.??"]

{7/(38)} 1. e4 d5 2. exd5 Qxd5 3. Nc3 Qa5 4. Nf3 Nf6 5. d3 Bg4 6. Be2 Nc6 7. h3
Bxf3 8. Bxf3 e6 9. Bd2 Qc5 10. Na4 Qe7 11. O-O Qd7 12. c3 b5 13. b3 bxa4 14.
bxa4 Rb8 15. Rb1 Rd8 16. a5 Nxa5 17. Bg5 Be7 18. Re1 O-O 19. Bxf6 Bxf6 20. d4
Rb8 21. Qd3 Nc6 22. Qa6 Rxb1 23. Rxb1 Ne7 24. Qxa7 Nd5 25. c4 Nc3 26. Rb7 Qxd4
27. Qa6 Ne4 28. Qc6 Qxf2+ 29. Kh2 Be5+ 0-1

[Event "Lansing (MI Am/5)"]
[Site "?"]
[Date "1993.??.??"]
[Round "?"]
[White "Kruskie, Jerry"]
[Black "Sundeen, David"]
[Result "1-0"]
[WhiteElo "1850"]
[BlackElo "1605"]
[PlyCount "55"]
[EventDate "1993.??.??"]

1. c4 Nf6 2. Nc3 g6 3. g3 Bg7 4. Bg2 O-O 5. Nf3 d6 6. d4 Nbd7 7. O-O Rb8 8. a4
a6 9. b4 Nb6 10. Qb3 d5 11. c5 Nc4 12. Nd2 Nxd2 13. Bxd2 c6 14. b5 Nd7 15. Bf4
e5 16. dxe5 Bxe5 17. Bxe5 Nxe5 18. bxc6 Be6 19. cxb7 Qc7 20. Bxd5 Rxb7 21. Qxb7
Qxc5 22. Bxe6 fxe6 23. Ne4 Qc2 24. Ng5 Nf7 25. Nxf7 Rxf7 26. Qxa6 Qf5 27. Qd3
Qe5 28. a5 1-0

[Event "East Lansing (MI Op/3/23)"]
[Site "?"]
[Date "1993.??.??"]
[Round "?"]
[White "Kruskie, Jerry"]
[Black "Smith, Walt"]
[Result "0-1"]
[WhiteElo "1845"]
[BlackElo "1970"]
[PlyCount "64"]
[EventDate "1993.??.??"]

{3/(23)} 1. c4 e6 2. Nc3 b6 3. Nf3 Bb7 4. g3 f5 5. d4 Nf6 6. Bg2 Be7 7. O-O O-O
8. Bg5 d6 9. Qd2 Nbd7 10. Rac1 c5 11. Bxf6 Bxf6 12. d5 e5 13. h4 h6 14. Bh3 e4
15. Nh2 Be5 16. Na4 Qf6 17. b3 Rf7 18. f4 e3 19. Qc2 Bxf4 20. gxf4 Raf8 21.
Rfd1 Qxh4 22. Bg2 Qxf4 23. Qd3 Re8 24. Rc3 Rfe7 25. Qc2 Nf6 26. Nb2 Qg5 27. Rf1
Qh4 28. Qxf5 Ne4 29. Rf3 Qe1+ 30. Rf1 Qxc3 31. Nd1 Qd4 32. Qg6 Bc8 0-1

[Event "Lansing (MI Am/2)"]
[Site "?"]
[Date "1993.??.??"]
[Round "?"]
[White "Kruskie, Jerry"]
[Black "Rumsey, S."]
[Result "1-0"]
[WhiteElo "1850"]
[BlackElo "1610"]
[PlyCount "95"]
[EventDate "1993.??.??"]

1. c4 c5 2. g3 g6 3. Bg2 Bg7 4. Nc3 Nf6 5. Nf3 Nc6 6. d4 cxd4 7. Nxd4 Nxd4 8.
Qxd4 d6 9. O-O O-O 10. b3 Nd7 11. Qd2 Rb8 12. Bb2 b6 13. Rad1 Bb7 14. Nd5 Bxb2
15. Qxb2 Nc5 16. h4 h5 17. e4 Bxd5 18. exd5 Re8 19. Qd4 Qc7 20. Rfe1 Rbd8 21.
Bh3 Nd7 22. Bxd7 Qxd7 23. Re2 e6 24. dxe6 Rxe6 25. Rde1 Rde8 26. Re4 Rxe4 27.
Rxe4 Rxe4 28. Qxe4 Kg7 29. Kf1 Qh3+ 30. Ke2 Qd7 31. Ke3 Kf8 32. Kd4 Qe7 33.
Qa8+ Kg7 34. Qe4 Kf8 35. f3 Qxe4+ 36. Kxe4 Ke7 37. Kd5 Kd7 38. g4 Kc7 39. gxh5
gxh5 40. Ke4 Kd7 41. Kf5 Ke7 42. Kg5 Ke6 43. Kxh5 Kf5 44. Kh6 Kf6 45. Kh7 a6
46. h5 Kg5 47. h6 b5 48. Kg7 1-0

[Event "Lansing (MI Am/3)"]
[Site "?"]
[Date "1993.??.??"]
[Round "?"]
[White "Kruskie, Jerry"]
[Black "Reist, Douglas"]
[Result "1-0"]
[WhiteElo "1850"]
[BlackElo "1605"]
[PlyCount "79"]
[EventDate "1993.??.??"]

1. c4 Nf6 2. Nc3 g6 3. g3 Bg7 4. Bg2 O-O 5. Nf3 c6 6. O-O d6 7. d3 Nbd7 8. Rb1
e5 9. Bg5 h6 10. Bxf6 Nxf6 11. Qc2 Re8 12. b4 a6 13. a4 d5 14. cxd5 Nxd5 15.
Nxd5 cxd5 16. Rfc1 e4 17. dxe4 dxe4 18. Ne1 Bf5 19. e3 Rc8 20. Qd1 Qxd1 21.
Rxd1 Rc4 22. Bf1 Bg4 23. Bxc4 Bxd1 24. Rxd1 Rc8 25. Bd5 Bc3 26. Bxb7 Rc4 27.
Bxa6 Rxb4 28. Bb5 Kg7 29. Nc2 Rb2 30. Nd4 Kf6 31. Kg2 g5 32. g4 Bxd4 33. Rxd4
Ke5 34. Bc6 f5 35. gxf5 Kxf5 36. Bxe4+ Ke5 37. Bf3 Rb6 38. a5 Rf6 39. Rb4 Ra6
40. Rb5+ 1-0

[Event "East Lansing (MI Op/5/36)"]
[Site "?"]
[Date "1993.??.??"]
[Round "?"]
[White "Kruskie, Jerry"]
[Black "McGrath, Michael"]
[Result "1-0"]
[WhiteElo "1845"]
[BlackElo "1635"]
[PlyCount "104"]
[EventDate "1993.??.??"]

{5/(36)} 1. c4 e5 2. Nc3 f5 3. g3 Nc6 4. Bg2 Nf6 5. e3 Be7 6. Nge2 O-O 7. O-O
Qe8 8. d4 d6 9. d5 Nd8 10. Nb5 Qd7 11. Qc2 a6 12. Nbc3 Nf7 13. a4 Qe8 14. b4
Ng5 15. f4 Nf7 16. Bd2 Nh6 17. a5 Qh5 18. Rfe1 Bd7 19. b5 axb5 20. cxb5 Qe8 21.
Qb3 Kh8 22. Reb1 Rb8 23. Qc4 Qf7 24. a6 Rfc8 25. a7 Ra8 26. Qb3 exf4 27. exf4
b6 28. Nd4 Ne8 29. Ne6 Bf6 30. Rc1 Ng4 31. Ra2 Bxc3 32. Bxc3 Ngf6 33. Bxf6 Qxf6
34. Qa4 Bxe6 35. dxe6 Qxe6 36. Qc4 Qxc4 37. Rxc4 Kg8 38. Bxa8 Rxa8 39. Kf2 Kf7
40. Ke3 Ke6 41. Rc1 Kd7 42. Kd3 Kc8 43. Re1 Kd7 44. Kd4 Nf6 45. h3 g6 46. Ree2
Ne4 47. Rg2 Nc5 48. g4 Ke6 49. gxf5+ Kxf5 50. Kd5 Nd3 51. Kc6 Nb4+ 52. Kb7 Nxa2
1-0

[Event "Flint (MI Senior/3)"]
[Site "?"]
[Date "1993.??.??"]
[Round "?"]
[White "Kruskie, Jerry"]
[Black "LaForge, Tom"]
[Result "0-1"]
[WhiteElo "1850"]
[BlackElo "2005"]
[PlyCount "42"]
[EventDate "1993.??.??"]

1. c4 c5 2. g3 Nc6 3. Bg2 g6 4. Nc3 Bg7 5. Nf3 e6 6. d3 Nge7 7. O-O O-O 8. Be3
d6 9. Qd2 Nf5 10. Bg5 f6 11. e4 fxg5 12. exf5 g4 13. Ne1 gxf5 14. f3 h5 15.
fxg4 hxg4 16. Nc2 Rf6 17. Ne2 Bh6 18. Qc3 Bd7 19. Rad1 e5 20. b4 cxb4 21. Nxb4
Qb6+ 0-1

[Event "East Lansing (MI Op/1a/12)"]
[Site "?"]
[Date "1993.??.??"]
[Round "?"]
[White "Kruskie, Jerry"]
[Black "Jarosz, Stan"]
[Result "1-0"]
[WhiteElo "1845"]
[BlackElo "2065"]
[PlyCount "101"]
[EventDate "1993.??.??"]

1. c4 e6 2. Nc3 d5 3. cxd5 exd5 4. Nf3 c6 5. d4 Bd6 6. Bg5 Qb6 7. Rb1 Bf5 8. e4
dxe4 9. Qe2 Ne7 10. Nxe4 Bb4+ 11. Bd2 Bxd2+ 12. Nfxd2 Qxd4 13. Rd1 O-O 14. Nc3
Na6 15. Nde4 Qe5 16. Nd6 Qxe2+ 17. Bxe2 Nc5 18. O-O Rab8 19. Rfe1 Be6 20. b4
Nd7 21. Bc4 Nb6 22. Rxe6 fxe6 23. Bxe6+ Kh8 24. Nf7+ Rxf7 25. Bxf7 g6 26. g4
Kg7 27. Bb3 Rc8 28. Ne4 Ned5 29. a3 Re8 30. Nc5 Re7 31. Kf1 Nc3 32. Re1 Rxe1+
33. Kxe1 Nb5 34. Nxb7 Nxa3 35. Na5 Nb5 36. Nxc6 Nc8 37. g5 Ncd6 38. Ke2 Nf5 39.
Kd3 Nbd6 40. Ba4 Kf8 41. Bb5 Nxb5 42. Kc4 a6 43. Nb8 Nc7 44. Kc5 Ne6+ 45. Kb6
Nxg5 46. Nxa6 Ne4 47. Kc6 Nxf2 48. b5 Nd3 49. b6 Ke7 50. Kc7 Ne5 51. Nc5 1-0

[Event "Flint (MI Senior/2)"]
[Site "?"]
[Date "1993.??.??"]
[Round "?"]
[White "Kruskie, Jerry"]
[Black "Carpenter, O."]
[Result "1-0"]
[WhiteElo "1850"]
[BlackElo "1605"]
[PlyCount "89"]
[EventDate "1993.??.??"]

1. c4 Nf6 2. Nc3 g6 3. g3 Bg7 4. Bg2 d6 5. e4 e5 6. Nge2 c5 7. O-O Nc6 8. d3
O-O 9. h3 Ne7 10. Be3 h6 11. Qd2 Kh7 12. f4 Nc6 13. f5 Nd4 14. g4 g5 15. Ng3 a6
16. Rab1 b5 17. Nd5 Nxd5 18. exd5 f6 19. Bxd4 cxd4 20. Ne4 bxc4 21. dxc4 Qb6
22. b4 Qc7 23. Rfc1 Rb8 24. c5 Qa7 25. Nxd6 Rd8 26. Nc4 h5 27. Kh1 hxg4 28.
hxg4 Rh8 29. Kh2 Kg8+ 30. Kg3 Bf8 31. c6 Qh7 32. Rh1 Qg7 33. Rxh8+ Qxh8 34. Rh1
Qg7 35. d6 a5 36. Bd5+ Qf7 37. Bxf7+ Kxf7 38. Rh7+ Ke8 39. d7+ Kd8 40. dxc8=Q+
Kxc8 41. Rh8 Kc7 42. Rxf8 Rxf8 43. b5 Rh8 44. Qxa5+ Kb8 45. Qb6+ 1-0

[Event "Flint (MEX/3)"]
[Site "?"]
[Date "1993.??.??"]
[Round "?"]
[White "Koster, Ed"]
[Black "Pence, Mark"]
[Result "1/2-1/2"]
[WhiteElo "2100"]
[BlackElo "2080"]
[PlyCount "50"]
[EventDate "1993.??.??"]

1. Nf3 Nf6 2. c4 e6 3. g3 d5 4. d4 c6 5. Bg2 Be7 6. O-O O-O 7. Nc3 Nbd7 8. b3
b6 9. Bb2 Bb7 10. Qc2 Rc8 11. e4 dxe4 12. Nxe4 c5 13. Nxf6+ Bxf6 14. Ng5 Bxg5
15. Bxb7 Rc7 16. Bg2 cxd4 17. Bxd4 Bf6 18. Qb2 Bxd4 19. Qxd4 Nf6 20. Rad1 Rd7
21. Qa1 Rxd1 22. Rxd1 Qe7 23. Qb2 Rd8 24. Qe2 h6 25. Rxd8+ Qxd8 1/2-1/2